000 00576nam a22001937a 4500
005 20171101160937.0
010 _aENG-121020
020 _a9788180642555
_c200.00
035 _aEN-104552
037 _bDBAD/PUB
082 _a324.6
100 _aChakraborty,Biswanath
245 _aThe emerging role of state election commission /
_cby Biswanath Chakraborty
260 _aKolkata
_bProgressive Publishers
_c2014
270 _a37a,College Street
_bKolkata
_e73
300 _a204p.
_c24cm(Hb)
500 _aIncludes index
942 _2ddc
_cEN
_h324.6
_mCHA
999 _c146673
_d146673